| 000 -LEADER |
| fixed length control field |
01284pab a2200169 454500 |
| 008 - FIXED-LENGTH DATA ELEMENTS--GENERAL INFORMATION |
| fixed length control field |
180718b2000 xxu||||| |||| 00| 0 eng d |
| 100 ## - MAIN ENTRY--PERSONAL NAME |
| Personal name |
Johnes, Martin |
| 245 ## - TITLE STATEMENT |
| Title |
Aberfan and the management of trauma |
| 260 ## - PUBLICATION, DISTRIBUTION, ETC. |
| Date of publication, distribution, etc. |
2000 |
| 300 ## - PHYSICAL DESCRIPTION |
| Extent |
p.1-17 |
| 362 ## - DATES OF PUBLICATION AND/OR SEQUENTIAL DESIGNATION |
| Dates of publication and/or sequential designation |
Mar |
| 520 ## - SUMMARY, ETC. |
| Summary, etc. |
This paper is a case study of the management of post-disaster trauma in 1960s Britain. It explores the traumatic aftermath of the 1966 Aberfan disaster (where 116 children and 28 adults were killed when a colliery spoil heap collapsed on top of a school in a small Welsh mining community) which had a devastating impact on the village. The professional and voluntary services made available to help the bereaved, survivors and wider community are documented and assessed. The paper demonstrates how limited finance and the popular and professional contemporary understanding of trauma and disasters hindered those services, and how the actions of government and media had a negative impact on the community's recovery. This case study of disaster management in the 1960s illustrates many of the pitfalls that continue to haunt the response to man-made tragedies in the UK. - Reproduced |
| 650 ## - SUBJECT ADDED ENTRY--TOPICAL TERM |
| Topical term or geographic name entry element |
Disasters - Great Britain |
| 650 ## - SUBJECT ADDED ENTRY--TOPICAL TERM |
| Topical term or geographic name entry element |
Disaster management |
| 773 ## - HOST ITEM ENTRY |
| Main entry heading |
Disasters |
| 909 ## - |
| -- |
44798 |